Clusters as Points of Economic Growth of the Regional Economy of Zakarpattia
Rysy vytvárania bodov ekonomického rastu prostredníctvom klastrovej ekonomiky cez prizmu osobitostí ekonomického rozvoja zakarpatskej oblasti. Možnosti realizácie klastrových iniciatív na území regiónu a vymedzenie kľúčových faktorov ich úspešnosti.
Salvato in:
| Autore principale: | |
|---|---|
| Natura: | Capitolo di libro |
| Lingua: | ucraino |
| Soggetti: | |
| Tags: |
Nessun Tag, puoi essere il primo ad aggiungerne!!
|
MARC
| LEADER | 00000naa a2200000 4500 | ||
|---|---|---|---|
| 001 | 0272470 | ||
| 005 | 20210309091504.4 | ||
| 041 | 0 | |a ukr | |
| 044 | |a UA | ||
| 245 | 1 | 0 | |a Clusters as Points of Economic Growth of the Regional Economy of Zakarpattia |c Denys M. Man |
| 520 | |a Rysy vytvárania bodov ekonomického rastu prostredníctvom klastrovej ekonomiky cez prizmu osobitostí ekonomického rozvoja zakarpatskej oblasti. Možnosti realizácie klastrových iniciatív na území regiónu a vymedzenie kľúčových faktorov ich úspešnosti. | ||
| 610 | 2 | 0 | |a klaster |
| 610 | 2 | 0 | |a rozvoj hospodársky |
| 610 | 2 | 0 | |a ekonomika regionálna |
| 610 | 2 | 0 | |a regióny |
| 610 | 2 | 0 | |a decentralizácia |
| 100 | 1 | |a Man, Denys M. | |